| 000 | 00356nam a22001457a 4500 | ||
|---|---|---|---|
| 999 |
_c12175 _d12175 |
||
| 020 | _a978-0131716391 | ||
| 082 | _a621.38 | ||
| 100 | _aRobert T.Paynter | ||
| 245 | _aIntroductory Electronic Devices and Circuits | ||
| 250 | _a7th Edition | ||
| 260 |
_aNew Delhi _bPearson _c2009 |
||
| 300 | _a988 | ||
| 650 | _aElectrical Engineering | ||
| 942 | _cBK | ||